Culture Générale - Série 2532 - Statistiques

Statistiques générales
  • Ce quiz a été pris 139 fois
  • Le résultat moyen est 4 sur 10
Statistiques - réponses
Question Réponse % Correct
Que signifie la 1ère lettre du sigle OGM ? organisme
96%
Quel mot familier de 6 lettres finissant par " n " est synonyme d'argent ? pognon
53%
Projecteur - court film publicitaire spot
51%
Conifère - égouttoir - forteresse du Frioul - voir photo if
50%
Quelle est la 15e lettre de l'alphabet grec tristement célèbre ? omicron
49%
Inconvénient de la vie - 4 lettres aléa
45%
Dans quel département français se trouve la vallée de la Tarentaise ? Savoie
44%
Comment s'appelle le moteur de recherche de Microsoft ? bing
40%
Quelle invention attribuée à Frédéric Sauvage (1786-1857) a sonné le glas de la marine à voile ? hélice
12%
Divertissement où les participants sont déguisés et masqués - déguisement, accoutrement ridicule ou bizarre mascarade
2%
Aucun quiz correspondant
Distribution des résultats
% des personnes avec chaque résultat
Percentile par nombre de réponses
Votre historique - résultats
Vous n’avez pas pris ce quiz